| 000 | 00463nam a2200193Ia 4500 | ||
|---|---|---|---|
| 005 | 20250603145019.0 | ||
| 008 | 250603s9999 xx 000 0 und d | ||
| 020 | _a81-219-0767-5 | ||
| 050 | _aQD 251.2 .H353/ | ||
| 100 | _aHaider, S. Nafis | ||
| 245 | 0 | _aFundamentals of organic chemistry | |
| 250 | _arev ed. | ||
| 260 | _aNew Delhi | ||
| 260 | _bS. Chand and Company LTD | ||
| 260 | _c2007 | ||
| 300 | _a576 p | ||
| 650 | _aNew Delhi | ||
| 942 | _cBK | ||
| 999 |
_c40612 _d40612 |
||